Statistics for 100 Videos Games by Gameplay

Click here to take the quiz!

General Stats

  • This quiz has been taken 81 times
    (43 since last reset)
  • The average score is 32 of 100

Answer Stats

HintAnswer% Correct
2D plat former where you save a princess, stomp on, and eat mushrooms.Super Mario Bros
100%
Survival where you use blocks.Minecraft
88%
BR where you drop from a bus.Fortnite
85%
FPS where you get called slurs and kill mainly Russians but sometimes terrorists.Call of Duty
79%
FPS where you kill Demons.Doom
76%
FPS where you either kill Terrorists or Counter TerroristsCSGO
64%
Sports game where you play Soccer.FIFA
61%
Puzzle game where you use a portal gun.Portal
61%
Platform Fighter where you play as famous Nintendo and other characters.Super Smash Bros
61%
MOBA where you get called slurs and learn that you don't matter rat feeder you.League of Legends
58%
Puzzle game where you stack blocks.Tetris
58%
FPS where you kill Nazis.Wolfenstein
58%
Simulation game where you are a goat.Goat Simulator
55%
Hack and Slash where you take revenge on the gods.God of War
55%
RPG where you kill dragons.Skyrim
55%
Sports game where you mimic the actions in the sport.Wii Sports
55%
RPG where you navigate the wastes after a nuclear war.Fallout
52%
MMO in above's world.World of Warcraft
52%
Tempo game where you play a guitar.Guitar Hero
48%
Racing game where you play as Nintendo charactersMario Kart
48%
Adventure game where you explore tombs.(As a woman this time)Tomb Raider
48%
Tempo game where you slice blocks flying at you.Beat Saber
45%
Adventure game where commit crimes in various cities.GTA
45%
Tempo game where you mimic the dances of screen.Just Dance
45%
LEGO game where you explore Hogwarts.LEGO Harry Potter
45%
Fighter where you play in a tournament to decide the fate of the world.Mortal Kombat
45%
Base Builder where you train troops, raid others, join clans, and go to war.Clash of Clans
42%
Sports game where you play American FootballMadden
42%
FPS where you play as characters with roles and unique abilities.Overwatch
42%
3D plat former where Mario explores the stars.Super Mario Galaxy
42%
3D plat former where Mario explores various locations.Super Mario Odyssey
42%
Soulslike where you repair rings.Elden Ring
39%
LEGO game where you explore the Galaxy.LEGO Star Wars
39%
Adventure game where you collect and fight monsters.Pokemon
39%
3D plat former where Mario explores peaches castle.Super Mario 64
39%
Adventure game where you play as professional killers from various time periods.Assassins Creed
36%
Geography game where you guess where you are on Google Street View.GeoGuessr
36%
Stealth Game where you hide in boxes.Metal Gear Solid
36%
3D plat former where Mario explores in a cat suit.Super Mario 3D World
36%
3D plat former where Mario explores a beach-side town.Super Mario Sunshine
36%
Survival where you escort a child.The Last of Us
36%
Game where you decorate and create an island.Animal Crossing
33%
Platformer where you need someone else.It Takes Two
33%
Sports game where you play basketball.NBA2K
33%
RPG where you collect and fight with personas.Persona
33%
Survival game where you live and travel on a raft.Raft
33%
RTS where who command a space army.Starcraft
33%
FPS where you can slow time and kill red people.Super Hot
33%
Adventure game where you explore tombs.Uncharted
33%
FPS where you plays as characters with unique abilities.Valorant
33%
Survival where you run from infamous killers.Dead by Daylight
30%
Platformer where a frog crosses a road.Frogger
30%
FPS where you kill aliens that are trying to harm humanity.Halo
30%
Sports game where you play Hockey.NHL
30%
Simulation games where choose who gets to enter a country.Papers Please
30%
Survival where you get called slurs and get zurged by no lifes.Rust
30%
Simulation game where you play god in the lives of normal people.SIMS
30%
Sports game where you skate with Tony Hawk.Tony Hawk Pro Skater
30%
RTS where you command Heros in a fantasy army>Warcraft
27%
Sports game where you play various sports on an island.Wii Sports Resort
27%
Story game where explore the ethics of human like androids.Detroit Become Human
24%
LEGO game where you explore Middle Earth.LEGO Lord of the Rings
24%
Horror game where you hide from a xenomorph.Alien Isolation
21%
BR where you play a character in space combat games.Apex Legends
21%
Survival gamer where you escape zombies on an island.Dead Island.
21%
MOBA where you get called slurs and learn that you don't matter rat feeder you.DOTA 2
21%
FPS where you survive a facility under an alien invasion.Half Life
21%
Tempo game where you slide dots and press keys.osu
21%
Soulslike where you take revenge on a samurai clan.Sekiro
21%
TPS where you snipe.Sniper Elite
21%
Hack and Slash where you run a demon hunting business.Devil May Cry
18%
Adventure where you kill miscellaneous bad guys in exotic locations.Far Cry
18%
FPS where you pilot giant battle suits.Titan Fall
18%
Adventure game to escape an underwater city in ruin.Bioshock
15%
First SoulslikeDemon Souls
15%
Card Game in the Warcraft universe.Hearthstone
15%
Simulation where you fly over a 1 to 1 scale version of Earth.Microsoft Flight Simulator
15%
Horror game where you look for the presidents daughter in a rural Spanish town.Resident Evil 4
15%
Adventure game where you capture animals made of food.Bugsnax
12%
Survival game where you have to escape zombies in a mall.Dead Rising
12%
Story game where you try to find your son.Heavy Rain
12%
Hack and Slash where you kill dragons.Monster Hunter
12%
Auto Fighter where you simulate LoL champions.Teamfight Tactics
12%
Racing game where you do tracks at the fastest speedTrack Mania
12%
Rogue-Like where you escape the underworld.Hades
9%
2D platformer where you a bug fights other bugs.Hollow Knight.
9%
Fighter where you play as the characters from various anime.Jump Force
9%
Story game where you rewind time and are gay.Life is Strange
9%
Hack and Slash where you fight cyborgs and senators.Metal Gear Rising
9%
Puzzle game where a Giant mysterious animal helps you out.The Last Guardian
9%
Story game where you escape Wendigos.Until Dawn
9%
Platformer where you need to collect time pieces.A Hat in Time
6%
3D platformer where you are followed by your bird.Banjo and Kazooie
6%
RPG where are eco-terrorists trying to save the planet.Final Fantasy VII
6%
FPS where you fuel off blood and ascend through hellULTRAKILL
6%
Simulation game where you talk to people as anyone or thing.VR Chat
6%
FPS where you realistically play as soldier.Arma
3%
Card game where you play of the champions from LoL.Legends of Runeterra
3%
Fighter where you play as the characters from PersonaArena Ultimax
0%
Fighter where you play as the characters from Demon Slayer.The Hinokami Chronicles
0%

Score Distribution

Percentile by Number Answered

Percent of People with Each Score

Your Score History

You have not taken this quiz since the last reset